Biblioteka Instytutu Północnego w Olsztynie

Z kart historii : (Rekord nr 27572)

Szczegóły MARC
000 -Nagłówek
fixed length control field 01850nam a2200421 i 4500
001 - Nr kontrolny bibl., która utworzyła rek.
control field xx005919028
003 - Siglum bibl., której nr kontr. jest w 001
control field NUKAT
005 - Data i czas ostatniej operacji
control field 20260414114735.0
008 - Elementy pola stałej długości
fixed length control field 260414s2016 pl a |010 0dpol c
035 ## - Systemowy numer kontrolny
systemowy numer kontrolny (NUKAT)xx005919028
040 ## - Instytucja sporządzająca opis
Instytucja, która sporządziła opis OLSZT 008/bak
język katalgowania-trzyzn. kod pol
zasady opisu rda
Instytucja, która sporządziła rekord OLSZT 008/bak
045 2# - Okres czasu dla zawartości
czas między r. 9999 pne a nasz. czas. d1927
-- d1939
046 ## - Kod rodz. daty, data1, data2 (daty pne)
Begin/single date 2016
100 1# - Hasło główne-nazwa osobowa
Nazwa osobowa Bołdyriw, Tichon
Daty biograficzne (1898-1986).
rodzaj współpracy Autor
9 (RLIN) 39984
245 10 - Tytuł właściwy i oznaczenie odpow.
tytuł Z kart historii :
dodatek do tytułu Śląsk Cieszyński - moja Ziemia Obiecana /
dod. inf. ze s. tyt./ozn. odpow. Bołdyriw Tichon.
246 30 - Inne formy tytułu, wariant tytułu
tytuł Śląsk Cieszyński - moja Ziemia Obiecana
260 ## - Adres wydawniczy
miejsce wydania, dystrybucji itp. Olsztyn :
nazwa wydawcy, dystrybutora itp. Warmińsko-Mazurskie Koło Macierzy Ziemi Cieszyńskiej,
data wydania, dystrybucji itp. 2016.
300 ## - Opis fizyczny
objętość i/lub forma materiału 31 stron :
inne szczegóły opisu fizycznego ilustracje ;
format 24 cm.
336 ## - Content Type
Term Tekst
Code txt
Source rdacontent
337 ## - Media Type
Term Bez urządzenia pośredniczącego
Code n
Source rdamedia
338 ## - Carrier Type
Term Wolumin
Code nc
Source rdacarrier
380 ## - Form of work
Form of work Książki
380 ## - Form of work
Form of work Literatura faktu, eseje, publicystyka
388 1# - TIME PERIOD OF CREATION
Time period of creation term 2001-
500 ## - Uwaga ogólna
uwaga ogólna Artykuł wydano na prawach rękopisu inż. Bołdyriwa Tichona, dostarczonego przez Bogdanę i Romana Zapolskich.
500 ## - Uwaga ogólna
uwaga ogólna Na stronie redakcyjnej: Wydawnictwo wydano z okazji 65-lecia przeniesienia Wyższej Szkoły Gospodarstwa Wiejskiego z Cieszyna do Olsztyna, gdzie powołano Wyższą Szkołę Rolniczą. Obecnie Uniwersytet Warmińsko-Mazurski.
600 17 - Hasło przedmiotowe-nazwa osobowa
nazwa osobowa Bołdyriw, Tichon
daty biograficzne (1898-1986)
źródło hasła DBN
9 (RLIN) 39984
648 #7 - SUBJECT ADDED ENTRY--CHRONOLOGICAL TERM
Chronological term 1901-2000
Source of heading or term DBN
9 (RLIN) 34996
648 #7 - SUBJECT ADDED ENTRY--CHRONOLOGICAL TERM
Chronological term 1918-1939
Source of heading or term DBN
9 (RLIN) 36041
650 #7 - Hasło przedmiotowe-nazwa pospolita
nazwa pospolita lub geogr. Chów zwierząt
źródło hasła DBN
9 (RLIN) 36596
650 #7 - Hasło przedmiotowe-nazwa pospolita
nazwa pospolita lub geogr. Mleczność
źródło hasła DBN
9 (RLIN) 39985
651 #7 - Hasło przedmiotowe-nazwa geogr.
nazwa geograficzna Śląsk Cieszyński
źródło hasła DBN
9 (RLIN) 37588
655 #7 - Termin określający rodzaj/formę
rodzaj/forma Biografia
źródło terminu DBN
9 (RLIN) 35059
655 #7 - Termin określający rodzaj/formę
rodzaj/forma Pamiętniki i wspomnienia
źródło terminu DBN
9 (RLIN) 35005
658 ## - Nazwa określająca cel programu nauczania
główny cel programu nauczania Rolnictwo i leśnictwo
710 2# - Hasło dodatkowe - nazwa ciała zbior.
nazwa ciała zbior. lub nazwa geogr. Macierz Ziemi Cieszyńskiej - Towarzystwo Miłośników Regionu.
nazwa jednostki podrzędnej Koło Warmińsko-Mazurskie.
rodzaj współpracy Wydawca
kod rodzaju współpracy pbl
9 (RLIN) 12708
942 ## - ADDED ENTRY ELEMENTS (KOHA)
Source of classification or shelving scheme Dewey Decimal Classification
Koha item type pozycje dostępne na miejscu
Egzemplarze
Status wycofania Status zagubienia Klasyfikacja Status uszkodzenia Blokada wypożyczeń Kolekcja Lokalizacja macierzysta Lokalizacja bieżąca Data nabycia Numer akcesji Źródło akcesji Cena Nr inwentarzowy il. wypożyczeń Sygnatura Kod kreskowy Date last seen Price effective from Typ egz.
    Dewey Decimal Classification nieuszkodzona   książka w magazynie Biblioteka Instytutu Północnego w Olsztynie Biblioteka Instytutu Północnego w Olsztynie 13/04/2026 D-40/2026 dar 8.00 73937   73937 IPWK24005 14/04/2026 14/04/2026 pozycje dostępne na miejscu
Biblioteka Instytutu Północnego, ul. Partyzantów 87, 10-402 Olsztyn, email: biblioteka(at)ip.olsztyn.pl